000 00637nam a2200205Ii 4500
001 2383
003 CO-ViMGA
008 241108s9999||||xx |||||||||||||| ||und||
040 _aCO-ViMGA
_bspa
_erda
_cCO-ViMGA
041 0 _aspa
082 0 4 _a302.23 G45i
100 1 _aFrancisco Gil Tovar
_946963
245 1 0 _aIniciación a la comunicación social:
_bPeriodismo, Relaciones públicas, Publicidad
264 1 _aBogotá, Colombia : Paulinas, 1984
300 _avolumen
336 _atext
_btxt
_2rdacontent
337 _aunmediated
_bn
_2rdamedia
338 _avolume
_bnc
_2rdacarrier
940 _aidficha_siabuc: 2335. -- ficha_no_siabuc:2383
999 _c41542
_d41542